| 000 | 00842nam a2200289Ia 4500 | ||
|---|---|---|---|
| 005 | 20260324125140.0 | ||
| 008 | 008 260324s9999 xx 000 0 eng d | ||
| 020 | _a9780429182914 | ||
| 037 | _aEBOOK | ||
| 040 | _aCRL | ||
| 040 | _beng | ||
| 040 | _cCRL | ||
| 041 | _2eng | ||
| 041 | _aeng | ||
| 084 | _qCRL | ||
| 100 |
_aFabio Brancaleoni; Giovanni Solari; Michele Jamiolkowski; Ian P.T. Firth; Peter Sluszka; Giorgio Diana; Giuseppe Fiammenghi; Niels J. Gimsing; Enzo Vullo; Gianluca Valensise; Ezio Faccioli _91176883 |
||
| 245 | 4 | _aThe Messina Strait Bridge | |
| 245 | 2 | _bA Challenge and a Dream | |
| 260 | _bTaylor and Francis | ||
| 260 | _c2009 | ||
| 365 | _a | ||
| 365 | _b240 | ||
| 856 | _uhttp://www.taylorfrancis.com/books/9780429182914 | ||
| 942 | _cEBOOK | ||
| 999 |
_c1771879 _d1771879 |
||